Nghiên cứu học tập thơ văn Hồ Chí Minh
Viết về cuộc đời cũng như về mọtt số mặt lí luận văn học, sáng tác văn học mà chủ tịch Hồ Chí Minh đã có những cống hiến xuất sắc...
में बचाया:
| अन्य लेखक: | , |
|---|---|
| स्वरूप: | पुस्तक |
| भाषा: | Vietnamese |
| प्रकाशित: |
H.
Khoa học xã hội
1979
|
| श्रृंखला: | Khoa học xã hội Việt Nam. Viện Văn học
|
| विषय: | |
| टैग : |
टैग जोड़ें
कोई टैग नहीं, इस रिकॉर्ड को टैग करने वाले पहले व्यक्ति बनें!
|
| Thư viện lưu trữ: | Mạng thư viện Đại học Đà Nẵng |
|---|
| LEADER | 01507nam a2200373 4500 | ||
|---|---|---|---|
| 001 | 000009771 | ||
| 003 | 5969 | ||
| 005 | 20120524160552.0 | ||
| 008 | 111102s1979 viesd | ||
| 041 | 0 | |a vie | |
| 082 | |a 895.9221 |b NGH | ||
| 245 | 0 | |a Nghiên cứu học tập thơ văn Hồ Chí Minh |c Hoàng Trung Thông, Phạm Hựu...duyệt, Phong Lê, Đặng Việt Ngoạn ...biên soạn | |
| 260 | |a H. |b Khoa học xã hội |c 1979 | ||
| 300 | |a 576tr |c 20cm | ||
| 490 | |a Khoa học xã hội Việt Nam. Viện Văn học | ||
| 504 | |a Mục lục cuối sách | ||
| 520 | |a Viết về cuộc đời cũng như về mọtt số mặt lí luận văn học, sáng tác văn học mà chủ tịch Hồ Chí Minh đã có những cống hiến xuất sắc... | ||
| 653 | |a Nghiên cứu | ||
| 653 | |a Học tập | ||
| 653 | |a Thơ văn | ||
| 653 | |a Hồ Chí Minh | ||
| 700 | |a Hoàng Trung Thông |a Phạm Hựu... |e duyệt, | ||
| 700 | |a Phong Lê |a Đặng Việt Ngoạn ... |e biên soạn | ||
| 910 | |a Thương |d 2/11/2011 | ||
| OWN | |a LSP | ||
| AVA | |a UDN50 |b LSP |d 895.9221 NGH |e available |t Error 5001 Not defined in file expand_doc_bib_avail. |f 4 |g 1 |h N |i 0 |k 1 | ||
| 999 | |a From the UDN01 | ||
| AVA | |a UDN50 |b LSP |d 895.9221 NGH |e available |t Error 5001 Not defined in file expand_doc_bib_avail. |f 4 |g 1 |h N |i 0 |k 1 | ||
| TYP | |a Monograph | ||
| TYP | |a Printed language | ||
| 980 | |a Mạng thư viện Đại học Đà Nẵng | ||